Arterien im Körper - Statistiken

Allgemein
  • Dieses Quiz wurde 11 mal gespielt
  • Das Durchschnittsergebnis liegt bei 8 aus 24
Antwortstatistiken
Körperabschnitt Arterie % Korrekt
Bauch Aorta abdominalis
100%
Bein Aorta femoralis
100%
Oberarm Aorta Brachialis
75%
Unterarm Aorta radialis
75%
Unterarm Aorta ulnaris
75%
Vom Herz ausgehend Aorta ascendens
50%
Schulter Aorta axillaris
50%
Kopf Aorta carotis interna
50%
Bauch Aorta descendens
50%
Vom Herz ausgehend Aorta carotis communis sinistra
25%
Kopf Aorta carotis externa
25%
Bauch Aorta hepatica communis
25%
Hüfte Aorta iliaca communis
25%
Hüfte Aorta iliaca externa
25%
Hüfte Aorta iliaca interna
25%
Bein Aorta tibialis anterior
25%
Vom Herz ausgehend Arcus Aorta
25%
Bauch Aorta mesenterica superior
0%
Bauch Aorta splenica
0%
Über Herz Aorta subclavia dextra
0%
Vom Herz ausgehend Aorta subclavia sinistra
0%
Bein Aorta tibialis posterior
0%
Vom Herz ausgehend Truncus brachiocephalicus
0%
Bauch Truncus coeliacus
0%
Keine übereinstimmenden Quizze gefunden
Verteilung der Resultate
Anzahl Personen mit jedem Resultat
Perzentil nach korrekt beantworteten Fragen
Ihre Resultats-Entwicklung
Sie haben dieses Quiz noch nicht gespielt